Czy potrafisz wymienić wszystkie księgi w Biblii? - Statystyki

Ogólne statystyki
  • Ten quiz został rozwiązany 2 062 razy
  • Średni wynik to 35 z 73
Statystyki odpowiedzi
Uwagi nazwa księgi % Poprawnych
Pierwsza księga Starego Testamentu Księga Rodzaju
95%
Ewangelia według św. Jana
89%
Księga Wyjścia
89%
Ewangelia według św. Marka
88%
Pierwsza księga Nowego Testamentu Ewangelia według św. Mateusza
88%
Ewangelia według św. Łukasza
87%
Apokalipsa św. Jana
83%
Księga Powtórzonego Prawa
78%
Księga Liczb
77%
Dzieje Apostolskie
71%
Księga Psalmów
71%
List do Rzymian
70%
Księga Kapłańska
67%
Księga Hioba
66%
Księga Izajasza
62%
Pierwszy list do Koryntian
58%
Drugi list do Koryntian
57%
Księga Rut
54%
Druga Księga Królewska
52%
Pierwsza Księga Królewska
52%
Księga Przysłów
51%
List św. Judy
51%
Księga Jeremiasza
50%
Księga Koheleta
49%
Pieśń nad Pieśniami
49%
Deuterokaniczna Księga Mądrości
48%
List do Efezjan
48%
Księga Jozuego
47%
List św. Jakuba
47%
Księga Daniela
46%
Księga Sędziów
46%
List do Hebrajczyków
45%
Drugi List do Tesaloniczan
44%
Księga Estery
44%
List do Galatów
44%
Pierwszy list św. Jana
44%
Pierwszy list św. Piotra
44%
Drugi list św. Jana
43%
Księga Ezechiela
43%
List do Kolosan
43%
Pierwszy list do Tesaloniczan
43%
Drugi list św. Piotra
41%
Druga Księga Samuela
40%
List do Filipian
40%
Deuterokaniczna Mądrość Syracha
40%
Pierwsza Księga Samuela
40%
Trzeci list św. Jana
40%
List do Tutysa
39%
Drugi list do Tymoteusza
38%
Księga Jonasza
38%
Deuterokaniczna Pierwsza Księga Machabejska
38%
Pierwszy list do Tymoteusza
38%
Druga Księga Kronik
37%
Deuterokaniczna Druga Księga Machabejska
37%
Pierwsza Księga Kronik
37%
Księga Malachiasza
36%
Księga Zachariasza
36%
Deuterokaniczna Księga Judyty
35%
Deuterokaniczna Księga Barucha
33%
Księga Nehemiasza
32%
Deuterokaniczna Księga Tobiasza
32%
Lamentacje
32%
Księga Ezdrasza
31%
List do Filemona
29%
Księga Ozeasza
28%
Księga Habakuka
27%
Księga Amosa
26%
Księga Joela
26%
Księga Micheasza
25%
Księga Sofoniasza
24%
Księga Aggeusza
20%
Księga Nahuma
20%
Księga Abdiasza
19%
Nie znaleziono quizów pasujących do podanych kryteriów
Rozkład punktacji
Procent ludzi z każdym wynikiem
Percentyl według liczby udzielonych odpowiedzi
Twoja historia wyników
Nie rozwiązałeś tego quizu